h1

h2

h3

h4

h5
h6
000060192 001__ 60192
000060192 005__ 20230417085848.0
000060192 0247_ $$2HBZ$$aHT000277833
000060192 0247_ $$2Laufende Nummer$$a7702
000060192 037__ $$aRWTH-CONV-121915
000060192 041__ $$aGerman
000060192 1001_ $$0P:(DE-82)062506$$aMörz, Günter$$b0$$eAuthor
000060192 245__ $$aAnalyse und Synthese von elektromagnetischen Wellenfeldern in Reflektorantennen mit Hilfe von Mehrtymp-Wellenleitern$$cMörz, Günter$$hprint
000060192 260__ $$aAachen$$c1978
000060192 300__ $$a157 S. : zahlr. Ill. u. graph. Darst.
000060192 3367_ $$0PUB:(DE-HGF)11$$2PUB:(DE-HGF)$$aDissertation / PhD Thesis$$bphd$$mphd
000060192 3367_ $$02$$2EndNote$$aThesis
000060192 3367_ $$2DRIVER$$adoctoralThesis
000060192 3367_ $$2BibTeX$$aPHDTHESIS
000060192 3367_ $$2DataCite$$aOutput Types/Dissertation
000060192 3367_ $$2ORCID$$aDISSERTATION
000060192 502__ $$aAachen, Techn. Hochsch., Diss., 1978$$gFak06$$o1978-07-07
000060192 591__ $$aGermany
000060192 7001_ $$0P:(DE-82)200411$$aDöring$$b1$$eThesis advisor
000060192 8564_ $$uhttps://publications.rwth-aachen.de/record/60192/files/60192_kardex.pdf$$yInternal catalog entry
000060192 909CO $$ooai:publications.rwth-aachen.de:60192$$pVDB
000060192 9201_ $$0I:(DE-82)600000_20140620$$k600000$$lFakultät für Elektrotechnik und Informationstechnik$$x0
000060192 961__ $$c2014-12-04$$x2011-11-03$$z2012-02-20
000060192 970__ $$aHT000277833
000060192 980__ $$aphd
000060192 980__ $$aI:(DE-82)600000_20140620
000060192 980__ $$aVDB
000060192 980__ $$aUNRESTRICTED
000060192 980__ $$aConvertedRecord